[Event "Verona op-B"]
[Site "Verona"]
[Date "2017.01.04"]
[Round "4.24"]
[White "Bartiromo, Gerardo"]
[Black "Cantore, Michele"]
[Result "1/2-1/2"]
[WhiteElo "1662"]
[BlackElo "1670"]
[PlyCount "54"]
[EventDate "2017.01.02"]
[EventType "swiss"]
[EventRounds "7"]
[EventCountry "ITA"]
[SourceTitle "EXT 2018"]
[Source "ChessBase"]
[SourceDate "2017.10.13"]
[SourceVersion "1"]
[SourceVersionDate "2017.10.13"]
[SourceQuality "1"]

1. Nf3 d5 2. g3 Nf6 3. Bg2 g6 4. d4 Bg7 5. 0-0 0-0 6. c3 c6 7. Nbd2 Bf5 8. Re1 Re8 9. Nh4 Bg4 10. Qc2 Qc8 11. e4 dxe4 12. Nxe4 Bh3 13. Nxf6+ Bxf6 14. Nf3 Bxg2 15. Kxg2 Nd7 16. Bf4 Bg7 17. Re2 Nf6 18. Rae1 e6 19. h4 Qd7 20. Be5 Nh5 21. Bxg7 Kxg7 22. Qe4 Qd5 23. Qxd5 cxd5 24. Ne5 Rad8 25. f4 Nf6 26. Nf3 Ne4 27. Nd2 Nxd2 1/2-1/2

[Event "Verona Province-ch"]
[Site "Zevio Verona"]
[Date "2014.01.19"]
[Round "2"]
[White "Menini, Luca"]
[Black "Cantore, Michele"]
[Result "1-0"]
[WhiteElo "1689"]
[BlackElo "1440"]
[PlyCount "52"]
[EventDate "2014.01.18"]
[EventType "swiss"]
[EventRounds "6"]
[EventCountry "ITA"]
[SourceTitle "EXT 2015"]
[Source "ChessBase"]
[SourceDate "2014.11.20"]
[SourceVersion "1"]
[SourceVersionDate "2014.11.20"]
[SourceQuality "1"]

1. e4 c5 2. Nf3 d6 3. d4 cxd4 4. Nxd4 Nf6 5. Nc3 Nc6 6. Be2 a6 7. Be3 e6 8. f4 Be7 9. 0-0 Bd7 10. Bf3 Qc7 11. Kh1 0-0-0 12. a3 h5 13. Nb3 Ng4 14. Bg1 Na5 15. h3 Nc4 16. Qe1 g5 17. Nd2 gxf4 18. Nxc4 Qxc4 19. b3 Qc7 20. Na4 Bxa4 21. bxa4 Ne5 22. a5 Rdg8 23. Rb1 Nxf3 24. Rxf3 Kd7 25. Rfb3 Rb8 26. Ba7 Qxc2 1-0

[Event "Verona Province-ch"]
[Site "Zevio Verona"]
[Date "2014.01.18"]
[Round "1"]
[White "Cantore, Michele"]
[Black "Fratton, Zeno"]
[Result "1/2-1/2"]
[WhiteElo "1440"]
[BlackElo "1785"]
[PlyCount "44"]
[EventDate "2014.01.18"]
[EventType "swiss"]
[EventRounds "6"]
[EventCountry "ITA"]
[SourceTitle "EXT 2015"]
[Source "ChessBase"]
[SourceDate "2014.11.20"]
[SourceVersion "1"]
[SourceVersionDate "2014.11.20"]
[SourceQuality "1"]

1. e4 c5 2. Nf3 e6 3. d4 cxd4 4. Nxd4 Nf6 5. Nc3 Nc6 6. Be3 Bb4 7. f3 d5 8. Bb5 Bd7 9. Bxc6 Bxc6 10. Nxc6 bxc6 11. e5 Nd7 12. f4 0-0 13. 0-0 c5 14. Bd2 f6 15. Qe2 d4 16. Nb5 Bxd2 17. Qxd2 Rb8 18. Qe2 Qb6 19. a4 a6 20. Nd6 Qxb2 21. Qc4 Rfe8 22. Nxe8 Rxe8 1/2-1/2